République Tchèque - Trouvez les Régions de Tchéquie - Statistiques

Statistiques générales
  • Ce quiz a été pris 712 fois
  • Le résultat moyen est 5 sur 14
Réponses sur la Carte
Les réponses sont colorées sur une échelle allant du rouge au vert en fonction du pourcentage des utilisateurs qui les ont devinées à leur premier essai. Vous pouvez retrouver ces pourcentages ci-dessous.
 
Statistiques - réponses
Régions % Correct
Prague
98%
Plzeň
50%
Bohême-du-Sud
46%
Bohême centrale
45%
Olomouc
39%
Moravie-du-Sud
38%
Liberec
32%
Karlovy Vary
29%
Hradec Králové
28%
Moravie-Silésie
28%
Zlín
28%
Pardubice
26%
Ústí nad Labem
24%
Vysočina
21%
Aucun quiz correspondant
Distribution des résultats
% des personnes avec chaque résultat
Percentile par nombre de réponses
Votre historique - résultats
Vous n’avez pas pris ce quiz